000 01249nam0a2200313 4500
001 RU\NLR\bibl\1259535
005 20260408195131.0
010 _a978-5-7711-0082-1
_910000
021 _aRU
_b2008-47608
_92629
035 _a(NLR Aleph) 001245537
090 _a286145
_c286145
100 _a20080807d2008 |||y0rusy50 ca
101 0 _arus
102 _aRU
105 _aa |||||||||
200 1 _aПетербург
_eот дома к дому... От легенды к легенде...
_eпутеводитель
_fН.А. Синдаловский
210 _aСанкт-Петербург
_cНоринт
_d2008
215 _a397, [3] с.
_cил., портр.
_d21
606 _aЗдания
_xИстория
_yСанкт-Петербург, город
_3RU\NLR\auth\661386378
_92317050
607 _aСанкт-Петербург, город
_xв фольклоре
_91012028
_3RU\NLR\auth\6667759
686 _aТ3(2-2СПб)я23
686 _aД890(2Р31-4Ле-2С)я23
686 _aШ3(2=1Р)-694
700 1 _4070
_aСиндаловский
_bН. А.
_f1935-
_gНаум Александрович
_3RU\NLR\auth\7766123
_949052
801 0 _aRU
_bNLR
_c20080807
_gRCR
801 1 _aRU
_bNLR
_c20080807
942 _cBOOK
980 _aNB